[Event "Madurai Athens of the East op-C U1700"]
[Site "Madurai"]
[Date "2023.12.26"]
[Round "8"]
[White "Siddhesh, BU."]
[Black "Sanjay, Ganesh Pandi"]
[Result "0-1"]
[WhiteElo "1579"]
[BlackElo "1378"]
[PlyCount "80"]
[EventDate "2023.12.24"]
[EventType "swiss"]
[EventRounds "9"]
[EventCountry "IND"]
[SourceTitle "CB06_2024"]
[SourceDate "2024.02.07"]
[SourceVersion "1"]
[SourceVersionDate "2024.02.07"]
[SourceQuality "1"]

1. e4 c5 2. Nf3 g6 3. d4 cxd4 4. Nxd4 Bg7 5. Nc3 Nc6 6. Be3 Nf6 7. Bc4 0-0 8. Bb3 d6 9. f3 Na5 10. Qd2 b6 11. 0-0-0 Bd7 12. h4 Nxb3+ 13. axb3 h5 14. g4 a5 15. Bh6 b5 16. Bxg7 Kxg7 17. Nd5 e5 18. Nf5+ Bxf5 19. gxf5 a4 20. Nxf6 Qxf6 21. Qxd6 axb3 22. Qxf6+ Kxf6 23. fxg6 Ra1+ 24. Kd2 Rd8+ 25. Ke2 Raxd1 26. Rxd1 Rxd1 27. Kxd1 fxg6 28. cxb3 g5 29. hxg5+ Kxg5 30. Ke2 Kf4 31. Kf2 h4 32. b4 h3 33. b3 h2 34. Kg2 h1Q+ 35. Kxh1 Kxf3 36. Kg1 Kxe4 37. Kf2 Kd3 38. Ke1 e4 39. Kd1 e3 40. Ke1 e2 0-1